000
00330nam a2200133Ia 4500
008
240624s9999 xx 000 0 und d
041
_a
eng
082
_a
823 COF
100
_a
KELLERMAN FAYE
245
_a
MERCEDES COFFIN
260
_c
2009
_a
New York
_b
Harper Collins Publishers
300
_a
417 : p. : cm. ; 17
365
_c
_b
20
999
_c
13779
_d
13779